000 00445nam a2200145 4500
001 112222
003 ES-MaACL
005 20230906185457.0
007 t|
008 061121s1910 sp r ||||1| spa d
100 1 _aMuñoz Beato, Enrique.
_984359
245 1 3 _aLa flebitis cerebral en el puerperio
_b: Tesis doctoral /
_cEnrique Muñoz Beato.
260 _aCádiz :
_b[s.n.],
_c1910 (
_fTall. tip. de La Unión)
852 _aES-MaACL
_jT-1227-F-3
999 _c112222
_d112222